Malaysia food business directory 2010/ 2011.
| Format: | Book |
|---|---|
| Published: |
Shah Alam:
Marshall Cavendish,
2010.
|
| Subjects: |
| LEADER | 00494cam a2200157 7i4500 | ||
|---|---|---|---|
| 001 | 0000025110 | ||
| 005 | 20101115090000.0 | ||
| 022 | 0 | 0 | |a 1985-0379 |
| 090 | 0 | 0 | |a P 641.3025 |b MAL |
| 245 | 0 | 0 | |a Malaysia food business directory 2010/ 2011. |
| 260 | 0 | 0 | |a Shah Alam: |b Marshall Cavendish, |c 2010. |
| 300 | # | # | |a 192 p. |
| 650 | 0 | 0 | |a Food -- |x Directories -- |z Malaysia |
| 650 | 0 | 0 | |a Beverages -- |x Directories -- |z Malaysia |
| 651 | 0 | 0 | |a Malaysia |
| 999 | |a 0000027925 |b Directories |c Products |e Business Information Centre | ||